Normal view MARC view

Entry Personal Name

Number of records used in: 1

001 - CONTROL NUMBER

  • control field: 343065

003 - CONTROL NUMBER IDENTIFIER

  • control field: OSt

005 - DATE AND TIME OF LATEST TRANSACTION

  • control field: 20220926040018.0

008 - FIXED-LENGTH DATA ELEMENTS

  • fixed length control field: 220926|| aca||aabn | a|a d

040 ## - CATALOGING SOURCE

  • Original cataloging agency: OSt
  • Transcribing agency: OSt

100 ## - HEADING--PERSONAL NAME

  • Personal name: Banking enquiry committee for the centrally administered areas 1929-30

670 ## - SOURCE DATA FOUND

  • Source citation: Work cat.: (OSt)663674: Banking enquiry committee for the centrally administered areas 1929-30 343064, Evidence taken in the province of Ajmer-Merwara, 1930
Copyright @ Delhi University Library System